Представление документа в формате MARC21

Поле Инд. ПП Название Значение
Тип записи a
Библиографический уровень m
001 Контрольный номер UNIDUBNAcb296e1e21914972876a760f2ebbdb45
005 Дата корректировки 20260515095301.9
040 b Код языка каталог. rus
041 0_ a Код языка текста rus
084 a Индекс другой классификации/Индекс ББК 81
090 a Полочн. индекс 81
x Авторский знак С 794
100 1_ a Автор Степанов Г. В.
q Полное имя Степанов Георгий Владимирович
245 10 a Заглавие Типология языковых состояний и ситуаций в странах романской речи
b Продолж. заглавия монография
260 a Место издания Москва
b Издательство Наука
c Дата издания 1976
300 a Объем 224 p.
336 a Термин вида содержания Текст
337 a Термин типа средства непосредственный
650 04 a Основная рубрика филологические науки
653 0_ a Ключевые слова ОКНОиЭК
655 a Жанр/ форма (устаревшее) научное издание
901 t Тип документа m
952 a Тип литературы для КСУ ВШ НАУ